000 00597nam a2200277Ia 4500
005 20260401122307.0
008 008 250103s9999 xx 000 0 eng d
020 _a9780791469569
037 _aTB
040 _aEDL
040 _beng
040 _cEDL
041 _2eng
041 _aeng
084 _a305.42 GRE
084 _qEDL
245 0 _aGender after Lyotard
260 _aNewYork
260 _bState University of NewYork Press
260 _c2007
300 _a238p
942 _cTB
942 _h305.42 GRE
999 _c1846297
_d1846297